Autism (Record no. 736107)

MARC details
000 -LEADER
fixed length control field 00540nam a2200205 b 4500
003 - CONTROL NUMBER IDENTIFIER
control field 3228
005 - DATE AND TIME OF LATEST TRANSACTION
control field 20260324105259.0
008 - FIXED-LENGTH DATA ELEMENTS--GENERAL INFORMATION
fixed length control field 221021s9999 xx o j 001 0 und d
020 ## - INTERNATIONAL STANDARD BOOK NUMBER
International Standard Book Number <a href="9781422230299">9781422230299</a>
Qualifying information (hbk)
040 ## - CATALOGING SOURCE
Original cataloging agency MPL
Transcribing agency 3228
041 ## - LANGUAGE CODE
Language English
082 #0 - DEWEY DECIMAL CLASSIFICATION NUMBER
Classification number J 618.9285882 BONN
942 ## - ADDED ENTRY ELEMENTS
Creator ID 561
Creator Name John Tresidder
Modifier ID 174
Modifier Name Sanet Schoeman
100 ## - MAIN ENTRY--PERSONAL NAME
Personal name Bonnice Sherry
245 #0 - TITLE STATEMENT
Title Autism
260 ## - PUBLICATION, DISTRIBUTION, ETC.
Place of publication, distribution, etc. Broomall;
Name of publisher, distributor, etc. Mason Crest;
Date of publication, distribution, etc. ©2015.
300 ## - PHYSICAL DESCRIPTION
Extent 128 pages;
Other physical details Photograph.
490 ## - SERIES STATEMENT
Series statement Living with a special need.
942 ## - ADDED ENTRY ELEMENTS
item type Book
Source of classification or shelving scheme Dewey Decimal Classification
Holdings
Withdrawn status Lost status Damaged status Not for loan Home library Current library Date acquired Cost, normal purchase price Total Checkouts Barcode Date last seen Price effective from item type Source of classification or shelving scheme Collection code Shelving location Full call number Public note
        Evander Evander 21.10.2022 271.00   3322830160284 21.10.2022 21.10.2022 Books          
        Standerton Regional Library Evander 24.03.2026     3322803187798 24.03.2026 24.03.2026 Book Dewey Decimal Classification 600: Technology & Applied Science Children's Area J 618.9285882 BONN  
        Secunda Secunda 24.03.2026     3322803187778 24.03.2026 24.03.2026 Book Dewey Decimal Classification 600: Technology & Applied Science Fiction T/J 618.9285882 BONN Teenage Fiction Section
        Standerton Regional Library Standerton Regional Library 24.03.2026     3322803187779 24.03.2026 24.03.2026 Book Dewey Decimal Classification 600: Technology & Applied Science Children's Area J 618.9285882 BONN  
        Standerton Regional Library Wakkerstroom 24.03.2026     3322803187780 24.03.2026 24.03.2026 Book Dewey Decimal Classification 600: Technology & Applied Science Children's Area J 618.9285882 BONN